|
|
|
|
| LEADER |
01911nam a22003497a 4500 |
| 001 |
33106 |
| 003 |
BD-DhAAL |
| 005 |
20211207114651.0 |
| 008 |
180828t2016 nyua|||| b||| 001 0 eng d |
| 999 |
|
|
|c 40041
|d 40041
|
| 020 |
|
|
|a 9780078130755
|
| 020 |
|
|
|a 0078130751
|
| 082 |
|
|
|2 22
|a 301
|
| 100 |
|
|
|a Witt, John
|9 25894
|
| 245 |
|
|
|a SOC 2016 /
|c John Witt
|
| 250 |
|
|
|a Fourth edition
|
| 260 |
|
|
|a New York, NY :
|b McGraw Hill,
|c c 2016
|
| 300 |
|
|
|a xii, 436 pages :
|b color illustrations, maps, tables ;
|c 28 cm.
|
| 504 |
|
|
|a Includes bibliographical references and indexes.
|
| 505 |
|
|
|a The sociological imagination -- Sociological research -- Culture -- Socialization -- Social structure and interaction -- Deviance -- Families -- Education and religion -- Economy and politics -- Social class -- Global inequity -- Gender and sexuality -- Race and ethnicity -- Population, health, and environment -- Social change
|
| 520 |
|
|
|a A tool that develops students' sociological imaginations by placing them in provocative scenarios where they must analyze various sources and determine a solution. With McGraw-Hill's digital tools, it helps you to focus on what you do best-teaching.
|
| 526 |
|
|
|a ESS
|
| 541 |
|
|
|a STS International
|e 33705, 33706
|
| 650 |
|
|
|a Sociology Textbooks
|9 25901
|
| 650 |
|
|
|a Sociology Research
|9 25902
|
| 650 |
|
|
|a Sociology
|9 25903
|
| 650 |
|
|
|a Economics.
|9 43495
|
| 650 |
|
|
|a Textbooks
|9 25904
|
| 852 |
|
|
|a Ayesha Abed Library
|c General Stacks
|
| 942 |
|
|
|2 ddc
|c BK
|
| 952 |
|
|
|0 0
|1 0
|2 ddc
|4 0
|6 301_000000000000000_WIT
|7 0
|9 64317
|a BRACUL
|b BRACUL
|c GEN
|d 2018-08-28
|e STS International
|g 10500.00
|l 2
|m 15
|o 301 WIT
|p 3010033705
|r 2019-08-19
|s 2019-06-26
|t 1
|v 10500.00
|w 2018-08-28
|y BK
|
| 952 |
|
|
|0 0
|1 0
|2 ddc
|4 0
|6 301_000000000000000_WIT
|7 0
|9 64318
|a BRACUL
|b BRACUL
|c GEN
|d 2018-08-28
|e STS International
|g 10500.00
|l 5
|m 3
|o 301 WIT
|p 3010033706
|r 2023-06-22
|s 2023-06-17
|t 2
|v 10500.00
|w 2018-08-28
|y BK
|